000 00511nam a2200169Ia 4500
003 OSt
005 20200821110604.0
008 190216s9999||||xx |||||||||||||| ||und||
020 _a9788184870725
040 _coclc
082 _a620.5
_bSHA/P
100 _aShah, M A
_94253
245 0 _aPrinciples Of Nanoscience And Nanotechnology /
_cM A Shah ; Tokeer Ahmad
260 _bNarosa Publishing House,
_c2013.
_aNew Delhi:
300 _a199p
942 _cBK
_2ddc
_h620.5
_iSHA/P
_k620.5
_mSHA/P
999 _c3633
_d3633